000 00455nam a22001697a 4500
003 CEME
005 20210628205108.0
008 210120b xxu||||| |||| 00| 0 eng d
040 _cceme
082 _a552.1 BES
100 _aBest, Myron G
_92336
245 _aIgneous and metamorphic petrology
260 _aRAWALPINDI
_bNATIONAL BOOK FOUNDATION
_c2007
300 _aXVI,617 P
650 _aIGNEOUS AND METAMORPHIC PETROLOGY
_973869
942 _cBK
_2ddc
999 _c579497
_d579497